[Event "Club Championships B Grade"]
[Site "Wellington Chess Club"]
[Date "2019.11.07"]
[Round "7"]
[White "Sole, Michael"]
[Black "Aldridge, Alan"]
[Result "0-1"]
[WhiteElo "2008"]
[BlackElo "1922"]

1. e4 c6 2. d4 d5 3. e5 Bf5 4. h4 h5 5. Bd3 Bxd3 6. Qxd3 e6 7. Bg5 Qa5+ 8. Nd2
Qa6 9. c4 dxc4 10. Nxc4 Bb4+ 11. Bd2 Be7 12. Nf3 Nh6 13. Ng5 Nf5 14. Ne4 O-O
15. b3 Rd8 16. Bc3 c5 17. Qf3 cxd4 18. Bd2 Qc6 19. Bg5 Bb4+ 20. Ncd2 Bxd2+ 21.
Bxd2 Nd7 22. Bf4 Qd5 23. O-O Nxh4 24. Qxh5 Qxe4 25. Qxh4 Nf8 26. Rfe1 Qd5 27.
Bg5 Rd7 28. Rad1 Ng6 29. Qg3 Rc8 30. Rd3 Qa5 31. Re2 Rc3 32. Bd2 Rxd3 33. Qxd3
Qxa2 34. Qc4 d3 35. Qc8+ Nf8 36. Bb4 dxe2 37. Qxf8+ Kh7 38. Qe8 Qa1+ 39. Kh2
Qxe5+ 40. g3 Rd1 41. Qxf7 Qf5 0-1

[Event "Club Championships B Grade"]
[Site "Wellington Chess Club"]
[Date "2019.11.14"]
[Round "8"]
[White "Aldridge, Alan"]
[Black "Rossiter, Philip"]
[Result "1/2-1/2"]
[WhiteElo "1922"]
[BlackElo "1886"]

1. d4 Nf6 2. c4 c5 3. d5 e6 4. Nc3 exd5 5. cxd5 d6 6. e4 g6 7. f4 Bg7 8. Nf3
O-O 9. Bd3 a6 10. a4 Re8 11. O-O Nbd7 12. Re1 Qc7 13. Nd2 Rb8 14. Rb1 b6 15.
Qf3 Bb7 16. Qf1 Ra8 17. Nc4 Rac8 18. Bd2 Rcd8 19. Ne3 Bc8 20. Nc4 Nf8 21. Nxd6
Qxd6 22. e5 Qb8 23. exf6 Bxf6 24. Rxe8 Rxe8 25. Bxa6 Bd4+ 26. Kh1 Qd6 27. Bc4
Qf6 28. Re1 Rxe1 29. Qxe1 Bf5 30. Qe2 h5 31. h3 Kg7 32. Bd3 Nd7 33. Bxf5 Qxf5
34. d6 Qc2 35. Qd1 Qd3 36. Qc1 Kg8 37. Nb5 Bf6 38. Bc3 Qg3 39. Nc7 Qd3 40. Ne8
Bd4 41. Bxd4 cxd4 42. b4 Qe4 43. Nc7 d3 44. Nb5 Qe2 45. Qc8+ Kh7 46. Qxd7 Qf1+
47. Kh2 Qxf4+ 48. Kh1 Qf1+ 49. Kh2 Qf4+ 50. Kh1 {Draw agreed} 1/2-1/2

[Event "Club Championships B Grade"]
[Site "Wellington Chess Club"]
[Date "2019.11.14"]
[Round "8"]
[White "Ross, Matt"]
[Black "Jackson, Ross"]
[Result "1-0"]
[WhiteElo "1867"]
[BlackElo "1964"]

1. e4 c5 2. Nc3 e6 3. f4 d5 4. Nf3 d4 5. Ne2 Nf6 6. Ng3 Nc6 7. Bb5 Qb6 8. a4 a6
9. Be2 Be7 10. d3 O-O 11. O-O Bd7 12. Bd2 c4 13. Kh1 cxd3 14. cxd3 Rac8 15. a5
Qa7 16. Rb1 b5 17. b4 Ng4 18. Qb3 Ne3 19. Rfc1 Qb8 20. e5 (20. Rxc6 $1 Bxc6 21.
Nxd4) 20... f5 $2 21. Rxc6 $1 Rxc6 22. Nxd4 Nd5 23. Nxc6 (23. Ngxf5 $1) 23...
Bxc6 24. Bf3 g5 25. Rc1 Ba8 26. fxg5 Qxe5 27. Re1 Qd6 28. Nh5 Re8 29. Nf4 Bxg5
30. Nxd5 Bxd2 31. Nf6+ Kf8 32. Nxe8 Qd8 33. Rxe6 Bxf3 34. gxf3 1-0

[Event "Club Championships B Grade"]
[Site "Wellington Chess Club"]
[Date "2019.11.14"]
[Round "8"]
[White "Sellen, Ian"]
[Black "He, Paul"]
[Result "1/2-1/2"]
[WhiteElo "2024"]
[BlackElo "1885"]

1. c4 c5 2. Nc3 g6 3. g3 Bg7 4. Bg2 Nf6 5. e3 O-O 6. Nge2 Nc6 7. d4 b6 8. d5
Ne5 9. b3 d6 10. O-O Rb8 11. f4 Ned7 12. Rb1 a6 13. Qd3 b5 14. Bd2 b4 15. Nd1
Nb6 16. Nf2 Bd7 17. h3 a5 18. Bc1 Qc7 19. Rd1 Ra8 20. Bb2 Ra6 21. g4 Rfa8 22.
e4 a4 23. e5 Ne8 24. Ne4 axb3 25. axb3 Ra2 26. exd6 Nxd6 27. Bxg7 Kxg7 28. N2g3
R8a3 29. Nd2 Na4 30. Re1 Nb2 31. Qe3 Ndxc4 32. Nxc4 Nxc4 33. Qxe7 Qxf4 34. Rf1
Qe3+ 35. Qxe3 Nxe3 36. Rf2 Nxg2 37. Kxg2 Rxf2+ 38. Kxf2 f5 39. gxf5 Bxf5 40.
Rb2 Bxh3 41. Ne4 Bf5 42. Nd6 Kf6 43. Nc4 Ra1 44. Re2 Rb1 45. Re3 h5 46. Rf3 Ke7
47. d6+ Kd7 48. Kg3 Be6 49. Nd2 Rb2 50. Ne4 Kc6 51. Rf6 Rxb3+ 52. Kf4 Bf5 53.
d7+ Kc7 54. Nxc5 Rc3 55. Rc6+ Kxc6 56. d8=Q Kxc5 57. Qe7+ Kc4 58. Qf7+ Kd4 59.
Qf6+ Kd3 60. Qd6+ Kc4 61. Qc6+ Kb3 62. Qd5+ Kb2 63. Qd2+ Bc2 64. Ke5 b3 65. Qd4
Bd3 66. Qf2+ Kb1 67. Qd2 Rc2 68. Qxd3 b2 69. Qxg6 h4 70. Qg1+ Ka2 71. Qa7+
{Draw agreed} 1/2-1/2

[Event "Club Championships B Grade"]
[Site "Wellington Chess Club"]
[Date "2019.11.14"]
[Round "8"]
[White "Winfield, Alan"]
[Black "Sole, Michael"]
[Result "1-0"]
[WhiteElo "1906"]
[BlackElo "2008"]

1. d4 Nf6 2. Nc3 d5 3. Bf4 e6 4. e3 Bb4 5. f3 Nh5 6. Bg3 Nxg3 7. hxg3 Qg5 8.
Kf2 c5 9. f4 Qe7 10. Qg4 f6 11. Rxh7 (11. Nxd5 $1 {straight away is even
better} ) 11... Rg8 $2 12. Nxd5 $1 exd5 13. Qxc8+ Kf7 14. Qf5 Nc6 15. Qxd5+ Kf8
16. Bc4 Ke8 17. Qxg8+ Kd7 18. Qxg7 cxd4 19. Qxe7+ Bxe7 20. exd4 Rd8 21. c3 a6
22. Re1 Kd6 23. Re6+ Kd7 24. d5 Re8 25. dxc6+ bxc6 26. Rexe7+ Rxe7 27. Rxe7+
1-0

[Event "Club Championships B Grade"]
[Site "Wellington Chess Club"]
[Date "2019.11.20"]
[Round "3"]
[White "Tanoi, Edward"]
[Black "Aldridge, Alan"]
[Result "1-0"]
[WhiteElo "2016"]
[BlackElo "1922"]

1. d4 Nf6 2. Nf3 e6 3. e3 Nc6 4. Bd3 d6 5. O-O Be7 6. Re1 O-O 7. c4 e5 8. dxe5
(8. Nc3 Bg4 9. h3 Bh5 10. Bb1) 8... dxe5 9. Nc3 Bg4 10. Nd5 Bd6 11. a3 Re8 12.
Qc2 $1 {The  opening is dynamically balanced. Both sides are developing while
probing the other's  defences for any inaccuracies. With this move White aims
to provoke Black into transforming  the landscape on the kingside. I don't
really believe Alan would accept the chance  to capture on f3 but at the very
least I could pose the question, what are you planning  to do with your light
squared bishop?} 12... h6 (12... Bxf3 13. gxf3 Kh8 14. Be2 Nxd5 15. cxd5 Ne7
16. Qc4 {is promising for White} ) 13. Nd2 {withdrawing the knight  leaves the
bishop in a sort of no man's land. I half expected it relocate to e6  and put
some pressure on the d5 knight.} 13... Ne7 $4 {But now this really is a
surprise.  Taking on f6 and ruining the king side pawn structure is the
immediate thought but  in itself doesn't guarantee a winning advantage. The d6
bishop suddenly looks bereft  of squares and a light squared bishop vulnerable
in enemy territory. Now to try  and make sense of it all.} 14. Nxf6+ $1
{creating a new weakness on f6.} 14... gxf6 15. c5 {the move doesn't really
trap the bishop but} 15... Bxc5 (15... e4 16. Bb5 Be5 17. Bxe8 Qxe8 18. Qxe4
Bf5 19. Qxb7 {White is clearly winning} ) 16. Ne4 $1 {it does  entice it to a
square for the second knight to create a winning threat} 16... Ng6 (16... Bb6
17. Nxf6+ {wins} ) 17. Nxc5 Nh4 18. Be2 f5 19. Bxg4 fxg4 20. Rd1 (20. e4 b6 21.
Rd1 Qf6 22. Nd7 Qg6 23. Qxc7 Nf3+ 24. Kh1) 20... Qf6 21. Ne4 {allowing the pin
but  exploiting it is not really possible while the knight controls many
important squares.} 21... Qg6 22. Kh1 Rad8 23. Bd2 Rd6 24. Rac1 Rc6 25. Bc3 Qh5
26. Ng3 Qg5 27. Ne4 Qh5 28. Qa4 {threatening to capture on c6 followed by check
on f6 winning the queen} 28... Qf5 29. Kg1 Ree6 30. Rd8+ Kh7 31. Ng3 Qf6 32.
Qe4+ Ng6 33. Rb8 b6 34. Nf5 h5 35. Rd1 Qg5 36. g3 Rf6 37. Nh4 Rcd6 38. Rxd6
Rxd6 39. Nxg6 {Black resigns} 1-0

[Event "Club Championships B Grade"]
[Site "Wellington Chess Club"]
[Date "2019.11.21"]
[Round "9"]
[White "He, Caleb"]
[Black "Sellen, Ian"]
[Result "1/2-1/2"]
[WhiteElo "1922"]
[BlackElo "2024"]

1. c4 Nf6 2. g3 e6 3. Bg2 d5 4. Nf3 Bd6 5. O-O O-O 6. cxd5 exd5 7. b3 Re8 8.
Bb2 c6 9. d4 Bf5 10. Na3 Qe7 11. Nh4 Bg6 12. Nxg6 hxg6 13. Nc2 Qxe2 14. Re1
Qxd1 15. Raxd1 Nbd7 16. Bh3 Nf8 17. f3 Rxe1+ 18. Rxe1 Re8 19. Kf2 Rxe1 20. Nxe1
N6d7 21. Nd3 f6 22. Ke3 Kf7 23. a4 g5 24. b4 b6 25. b5 c5 26. dxc5 bxc5 27. Ba3
Ke7 28. a5 Kd8 29. b6 axb6 30. axb6 g6 31. f4 gxf4+ 32. gxf4 f5 33. Bg2 Nxb6 $2
(33... d4+ 34. Kd2 Ne6 35. b7 Kc7 36. Ne5 Nxe5 37. fxe5 Bxe5 $17) 34. Bxc5
Bxc5+ 35. Nxc5 Ke7 {Draw agreed} 1/2-1/2

[Event "Club Championships B Grade"]
[Site "Wellington Chess Club"]
[Date "2019.11.21"]
[Round "9"]
[White "He, Paul"]
[Black "Ross, Matt"]
[Result "1/2-1/2"]
[WhiteElo "1885"]
[BlackElo "1867"]

1. c4 Nf6 2. g3 e6 3. Bg2 Bb4 4. b3 d5 5. cxd5 exd5 6. Nf3 Bf5 7. O-O O-O 8.
Bb2 Nbd7 9. d3 Re8 10. Nbd2 Qe7 11. Nd4 Bg4 12. N2f3 c5 13. Nb5 Ba5 14. e3 a6
15. Nc3 Rad8 16. Ne2 b5 17. Qc2 c4 18. Ned4 Rc8 19. Rac1 c3 20. Ba1 Bb4 21. Qe2
Ne5 22. h3 Bh5 23. Nc2 a5 24. Nxb4 axb4 25. a3 d4 26. g4 Bg6 27. Rfd1 Nxf3+ 28.
Qxf3 dxe3 29. fxe3 Qxe3+ 30. Qxe3 Rxe3 31. axb4 Rxd3 32. Rxd3 Bxd3 33. Rxc3
Rxc3 34. Bxc3 Ne4 35. Bd4 g6 36. h4 Kf8 37. Bf1 Bxf1 38. Kxf1 Nd2+ 39. Ke2 Ne4
40. g5 Ke7 41. Ke3 Ng3 42. Kf3 Nf5 43. Bf2 Kd6 44. Ke4 h6 45. Bc5+ Ke6 46. Bf2
hxg5 47. hxg5 Nd6+ 48. Kd4 Kf5 49. Be3 Ne4 50. Kd5 Nxg5 51. Kc5 Ne6+ 52. Kxb5
Ke4 53. Bg1 Kd5 54. Kb6 f5 55. b5 Kd6 56. Ka7 Nf8 57. b6 Kc6 58. Be3 Nd7 59. b7
Kb5 60. Bd2 g5 1/2-1/2

[Event "Club Championships B Grade"]
[Site "Wellington Chess Club"]
[Date "2019.11.21"]
[Round "9"]
[White "Rossiter, Philip"]
[Black "Winfield, Alan"]
[Result "0-1"]
[WhiteElo "1886"]
[BlackElo "1906"]

1. d4 f5 2. e4 fxe4 3. Nc3 Nf6 4. Bg5 c6 5. f3 Qa5 6. Bxf6 exf6 7. fxe4 Bb4 8.
Qd2 O-O 9. Bd3 d5 10. Nge2 Bg4 11. O-O Bxe2 12. Qxe2 Bxc3 13. bxc3 Qxc3 14.
exd5 Qxd4+ 15. Kh1 g6 16. Qe6+ Kg7 17. Rae1 Qxd5 18. Qg4 b5 19. Qf4 Nd7 20.
Re7+ Rf7 21. Be4 Qc4 22. Rxf7+ Kxf7 23. Rd1 Rd8 24. Qh4 Kg7 25. Qe1 Kf7 26. Rd6
Qc5 27. Qd1 Ke7 28. Rxc6 Qe5 29. Bf3 Nb8 0-1

[Event "Club Championships B Grade"]
[Site "Wellington Chess Club"]
[Date "2019.11.24"]
[Round "9"]
[White "Jackson, Ross"]
[Black "Aldridge, Alan"]
[Result "1-0"]
[WhiteElo "1964"]
[BlackElo "1922"]

1. d4 Nf6 2. c4 e6 3. Nc3 Bb4 4. e3 Nc6 5. Bd3 d6 6. Ne2 O-O 7. O-O Qe7 8. a3
Bxc3 9. Nxc3 a5 10. Qc2 e5 11. d5 Nb8 12. Bd2 Nbd7 13. b4 Re8 14. e4 c6 15. Na4
axb4 16. axb4 Rb8 17. Nc3 h6 18. Be3 c5 19. Rfb1 Ng4 20. Bc1 cxb4 21. Rxb4 Nc5
22. Bf1 Qh4 23. h3 Nf6 24. f3 Qg3 25. Qf2 Qg6 26. Kh2 Nfd7 27. Nb5 Rf8 28. Qg3
Qf6 29. Be3 Na6 30. Rbb1 Ndc5 31. Be2 Kh8 32. Qf2 b6 33. g4 Qe7 34. h4 f6 35.
Rb2 Bd7 36. Qe1 Ra8 37. Bf2 Rfb8 38. Qb1 Be8 39. Nc3 Qc7 40. Be3 Kh7 41. Bf1
Bd7 42. Bh3 Rb7 43. Nb5 Qb8 44. Rba2 Bxb5 45. cxb5 Nc7 46. Rxa8 Nxa8 47. g5
hxg5 48. hxg5 fxg5 49. Bxg5 Ra7 50. Kg3 Nc7 51. Rxa7 Qxa7 52. Qh1 Kg8 53. Bf5
Kf7 54. Qh5+ Kg8 55. Bh7+ 1-0

[Event "Club Championships B Grade"]
[Site "Wellington Chess Club"]
[Date "2019.12.12"]
[Round "3"]
[White "Sellen, Ian"]
[Black "Jackson, Ross"]
[Result "1/2-1/2"]
[WhiteElo "2024"]
[BlackElo "1964"]

1. e4 e5 2. Nf3 Nc6 3. Bc4 Bc5 4. O-O Nf6 5. d3 O-O 6. c3 d5 7. exd5 Nxd5 8.
Qe2 Re8 9. b4 Bf8 10. Ng5 Be6 11. Nxe6 Rxe6 12. Qf3 Nce7 13. Bg5 c6 14. Nd2 Rg6
15. Ne4 h6 16. Bd2 Qc8 17. Rae1 Nf5 18. Qh5 b5 19. Bb3 a5 20. bxa5 Rxa5 21. c4
Nf4 22. Bxf4 exf4 23. cxb5 Rxb5 24. Bc4 Rxg2+ 25. Kxg2 Ne3+ 26. fxe3 Rxh5 27.
Kh1 Qh3 28. Rf2 Bb4 29. Rg1 Qxe3 30. Rfg2 Kf8 31. Rxg7 Qf3+ 32. R1g2 Qf1+ 33.
Rg1 Qf3+ 34. R1g2 Rf5 35. Rg8+ Ke7 36. Rb8 Bc5 37. Rb7+ Kf8 38. Rb8+ Ke7 39.
Rb7+ Kd8 40. Rb1 h5 41. Nxc5 Rxc5 42. Kg1 Qe3+ 43. Kh1 Qf3 44. Kg1 Qe3+ {Draw
agreed} 1/2-1/2

[Event "Club Championships Major Open"]
[Site "Wellington Chess Club"]
[Date "2019.09.26"]
[Round "1.1"]
[White "Brockway, Andrew"]
[Black "Rabina, Romeo"]
[Result "0-1"]
[WhiteElo "1836"]
[BlackElo "1647"]

1. e4 b6 2. d4 e6 3. Nc3 Bb7 4. a3 Nf6 5. Nf3 Nxe4 6. Nxe4 Bxe4 7. Be2 c5 8.
O-O Be7 9. dxc5 Bxc5 10. b4 Be7 11. Qd4 Bb7 12. Rb1 O-O 13. Qg4 f5 14. Qf4 Nc6
15. Rd1 Rc8 16. Qg3 Rf7 17. Bc4 d5 18. Ne5 Nxe5 19. Qxe5 Qd6 20. Qe2 Rxc4 21.
Qxc4 dxc4 22. Rxd6 Bxd6 0-1

[Event "Club Championships Major Open"]
[Site "Wellington Chess Club"]
[Date "2019.09.26"]
[Round "1.2"]
[White "Stracy, Don"]
[Black "Stoeveken, Peter"]
[Result "1/2-1/2"]
[WhiteElo "1606"]
[BlackElo "1827"]

1. e4 c5 2. Nf3 Nc6 3. d4 cxd4 4. Nxd4 e5 5. Nb5 a6 6. Nd6+ Bxd6 7. Qxd6 Qf6 8.
Qa3 Nge7 9. Nc3 Qg6 10. Be3 O-O 11. O-O-O Rb8 12. Qd6 Qxd6 13. Rxd6 b5 14. f4
f5 15. fxe5 Nxe5 16. Bd3 Bb7 17. exf5 Nxd3+ 18. Rxd3 Nxf5 19. Bc5 Rf7 20. Rg1
Rc8 21. Bf2 Bc6 22. g4 Ne7 23. Bh4 Rcf8 24. Re1 Ng6 25. Bg3 Nf4 26. Bxf4 Rxf4
27. Rg3 b4 28. Nd1 Rc8 29. h4 Be4 30. c3 d5 31. Kd2 bxc3+ 32. Nxc3 Rcf8 33.
Nxe4 dxe4 34. Ke3 R4f6 35. g5 Rd6 36. Rg2 Re6 1/2-1/2

[Event "Club Championships Major Open"]
[Site "Wellington Chess Club"]
[Date "2019.09.26"]
[Round "1.3"]
[White "Hurndell, Robert"]
[Black "Van der Hoorn, Thomas"]
[Result "1/2-1/2"]
[WhiteElo "1545"]
[BlackElo "1807"]

1. d4 Nf6 2. c4 e6 3. Nc3 Bb4 4. Bd2 O-O 5. e3 d5 6. Nf3 c5 7. cxd5 cxd4 8.
Nxd4 Nxd5 9. Rc1 b6 10. Be2 Bb7 11. O-O Qd7 12. a3 Nxc3 13. Bxc3 Bxc3 14. Rxc3
Rc8 15. Rxc8+ Qxc8 16. Qd2 Nc6 17. Rc1 Qd7 18. Rd1 Rd8 19. Nf3 Qxd2 20. Rxd2
Rxd2 21. Nxd2 Ne5 22. f4 Ng6 23. Kf2 Kf8 24. Nc4 Ke7 25. g3 Kd7 26. h4 b5 27.
Na5 Bc6 28. Nxc6 Kxc6 29. b4 Ne7 30. Bf3+ Kd6 31. e4 f6 32. Ke3 Nc6 33. Be2 a6
34. g4 e5 35. fxe5+ Nxe5 36. Kd4 Nc6+ { Draw agreed} 1/2-1/2

[Event "Club Championships Major Open"]
[Site "Wellington Chess Club"]
[Date "2019.09.26"]
[Round "1.4"]
[White "Wevers, Alexis"]
[Black "Tarzwell, Caleb"]
[Result "0-1"]
[WhiteElo "1798"]
[BlackElo "1500"]

1. d4 d5 2. Bf4 c5 3. e3 Nf6 4. Nf3 Bg4 5. Be2 e6 6. h3 Bh5 7. O-O h6 8. c4
cxd4 9. Qa4+ Nc6 10. exd4 Be7 11. Nbd2 O-O 12. Rac1 dxc4 13. Nxc4 Nd5 14. Be5
a6 15. Qb3 f6 16. Bh2 Bxf3 17. Bxf3 Nxd4 18. Qxb7 Nxf3+ 19. gxf3 Rf7 20. Qc6
Qc8 21. Qa4 Qb7 22. Bd6 e5 23. Rfd1 Nf4 24. Nxe5 fxe5 25. Rc6 Bxd6 26. Rdxd6
Nxh3+ 27. Kg2 Qxb2 28. Rc2 Nf4+ 29. Kg3 Qb5 30. Rc4 Qxa4 31. Rxa4 Rf6 32. Rd7
Kh7 33. Rc4 Kg6 34. Rcc7 Ne6 35. Rc6 Ng5 36. Rcc7 Rxf3+ 37. Kg2 Rg8 38. Rc6+
Rf6 39. Rxf6+ gxf6 40. Ra7 Rd8 41. Rxa6 Rd2 42. a4 Ne4 43. a5 Rxf2+ 44. Kg1 Ra2
45. Ra8 Nc5 0-1

[Event "Club Championships Major Open"]
[Site "Wellington Chess Club"]
[Date "2019.09.26"]
[Round "1.5"]
[White "Carroll, Lewis"]
[Black "Enegbuma, Wallace"]
[Result "1-0"]
[WhiteElo "1422"]
[BlackElo "1777"]

1. Nf3 d5 2. e3 Nf6 3. c4 dxc4 4. Bxc4 e6 5. Nc3 Be7 6. d4 c6 7. e4 b5 8. Bd3
Bb7 9. Be3 a6 10. Qd2 Nbd7 11. e5 Nd5 12. Nxd5 cxd5 13. g4 a5 14. a3 Qb6 15. g5
b4 16. Nh4 Ba6 17. f4 Bxd3 18. Qxd3 Qa6 19. Qd1 Nb6 20. f5 Nc4 21. Bc1 g6 22.
Qa4+ Kf8 23. f6 Bd8 24. axb4 Nb6 25. Qc6 Rc8 26. Qd6+ Ke8 27. bxa5 Rxc1+ 28.
Rxc1 Qxa5+ 29. b4 Qb5 30. Qc6+ Qxc6 31. Rxc6 Kd7 32. Rc3 Nc4 33. O-O Bb6 34.
Nf3 h6 35. h4 hxg5 36. hxg5 Rh3 37. Kg2 Rh5 38. Rd3 Kc6 39. Rb1 Kb5 40. Kg3 Bc7
41. Kg4 Rh8 42. Ra1 Kxb4 43. Nd2 Nxd2 44. Rxd2 Kc3 45. Raa2 Bd8 46. Rac2+ Kb3
47. Rc8 Rf8 48. Kf3 Rh8 49. Rg2 Rh3+ 50. Rg3 Rh8 51. Ke2+ Kb4 52. Kd3 Kb5 53.
Kc2 Rh2+ 54. Kb1 Ba5 55. Rc5+ Kb4 56. Rgc3 Bb6 57. Rc8 Bxd4 58. R3c7 Kb5 59.
Rxf7 Bxe5 60. Rb7+ Ka6 61. f7 Rf2 62. Rb3 Rxf7 63. Ra8+ Ra7 64. Ra3+ Kb6 65.
R8xa7 Bf4 66. R7a6+ Kc5 67. Rxe6 Bxg5 68. Rxg6 1-0

[Event "Club Championships Major Open"]
[Site "Wellington Chess Club"]
[Date "2019.09.26"]
[Round "1.7"]
[White "Ackroyd, William"]
[Black "Farrington, Lawrence"]
[Result "1-0"]
[WhiteElo "1277"]
[BlackElo "1706"]

1. e4 e6 2. d4 d5 3. Bd3 c5 4. c3 Nf6 5. e5 Nfd7 6. f4 Qa5 7. Bd2 Qb6 8. Qb3
cxd4 9. Qxb6 Nxb6 10. cxd4 Nc6 11. Nf3 Nb4 12. Ke2 Nxd3 13. Kxd3 Bd7 14. b3
Bb5+ 15. Ke3 Rc8 16. Nc3 Bc6 17. Rac1 Bb4 18. Rc2 O-O 19. Rhc1 Ba3 20. Rd1 Bb4
21. Rdc1 Bd7 22. Nb1 Bxd2+ 23. Nbxd2 Rxc2 24. Rxc2 Rc8 25. Rxc8+ Nxc8 26. Kd3
Bb5+ 27. Kc3 Ne7 28. g4 h6 29. Ne1 Ng6 30. Ng2 a5 31. f5 exf5 32. gxf5 Ne7 33.
Ne3 Bc6 34. Ndf1 Kf8 35. Ng3 Ke8 36. Nh5 Kf8 37. Nf4 Bd7 38. f6 Nf5 39. Nxf5
Bxf5 40. Nxd5 g5 41. Ne3 Be4 42. d5 Ke8 43. Kd4 Bb1 44. a3 Kd7 45. Ng4 h5 46.
Nh6 Ke8 47. e6 fxe6 48. dxe6 Bg6 49. Ke5 h4 50. f7+ Kf8 51. Kf6 Bxf7 52. e7+
1-0

[Event "Club Championships Major Open"]
[Site "Wellington Chess Club"]
[Date "2019.09.26"]
[Round "1.8"]
[White "Webster, Jamie"]
[Black "Dunlop, Rafe"]
[Result "1-0"]
[WhiteElo "1701"]
[BlackElo "1246"]

1. e4 e5 2. Nf3 Nc6 3. Bb5 a6 4. Ba4 Nf6 5. O-O Bc5 6. c3 d6 7. d4 Ba7 8. Re1
b5 9. Bc2 h6 10. h3 O-O 11. a4 b4 12. a5 Rb8 13. Be3 Ne7 14. dxe5 Bxe3 15. Rxe3
dxe5 16. Nxe5 b3 17. Bd3 Nh5 18. Qxh5 Qd6 19. Nf3 1-0

[Event "Club Championships Major Open"]
[Site "Wellington Chess Club"]
[Date "2019.09.26"]
[Round "1.9"]
[White "Asher, Bruce"]
[Black "Dixon, Hamish"]
[Result "0-1"]
[WhiteElo "1178"]
[BlackElo "1681"]

1. e4 c5 2. Nc3 d6 3. Nf3 Nf6 4. Bc4 a6 5. O-O b5 6. Bd5 Nxd5 7. Nxd5 e6 8. Nc3
Bb7 9. a3 Be7 10. d3 O-O 11. g3 Nd7 12. Be3 Bf6 13. d4 b4 14. Na4 bxa3 15. Rxa3
cxd4 16. Bxd4 Bxe4 17. Bxf6 Nxf6 18. Nc3 Bb7 19. Qd3 Qb6 20. Rb3 Qc6 21. Ne2
Ng4 22. Nfd4 Qh1# 0-1

[Event "Club Championships Major Open"]
[Site "Wellington Chess Club"]
[Date "2019.09.26"]
[Round "1.10"]
[White "Ashe, Michael"]
[Black "Mullan, Brett"]
[Result "0-1"]
[WhiteElo "1662"]
[BlackElo "1825"]

1. d4 Nf6 2. c4 e6 3. Nc3 Bb4 4. e3 O-O 5. Ne2 d5 6. a3 Be7 7. cxd5 exd5 8. Nf4
c6 9. Bd3 Re8 10. O-O Nbd7 11. Qc2 Nf8 12. f3 Bd6 13. Bd2 Qc7 14. h4 Bxf4 15.
exf4 Nh5 16. f5 Qg3 17. Be1 Qf4 18. Bf2 Ng3 19. Bxg3 Qxg3 20. Qf2 Qf4 21. g3
Qd6 22. Kg2 Bd7 23. Qd2 h6 24. g4 Qf6 25. g5 hxg5 26. hxg5 Qxd4 27. f6 Bf5 28.
Rad1 Qxd3 29. Qxd3 Bxd3 30. Rxd3 gxf6 31. gxf6 Re6 32. f4 Rxf6 33. Rg3+ Rg6 34.
Rf3 Re8 35. Kf2 Kg7 36. Nd1 Rxg3 37. Rxg3+ Kf6 38. Ne3 Ng6 39. f5 Ne5 40. Rh3
Nd3+ 41. Kf3 Nxb2 42. Rh6+ Kg5 43. Rh7 Re7 44. Rg7+ Kf6 45. Rh7 Nc4 46. Rh6+
Kg5 0-1

[Event "Club Championships Major Open"]
[Site "Wellington Chess Club"]
[Date "2019.09.29"]
[Round "1.6"]
[White "Baker, Jack"]
[Black "Osborne, Geoff"]
[Result "1-0"]
[WhiteElo "1767"]
[BlackElo "1287"]

1. e4 e5 2. d4 exd4 3. c3 Nc6 4. Bc4 Nf6 5. Nf3 dxc3 6. O-O d6 7. Bxf7+ Kxf7 8.
Ng5+ Ke8 9. Qb3 Qd7 10. e5 dxe5 11. Nxc3 h6 12. Nge4 Nxe4 13. Nxe4 Be7 14. Be3
b6 15. Rac1 Bb7 16. Rfd1 Qf5 17. Qd3 Qe6 18. Ng3 Rf8 19. Nh5 Qf7 20. Qd7# 1-0

[Event "Club Championships Major Open"]
[Site "Wellington Chess Club"]
[Date "2019.10.02"]
[Round "2.6"]
[White "Stoeveken, Peter"]
[Black "Cooke, Xandi"]
[Result "1/2-1/2"]
[WhiteElo "1827"]
[BlackElo "1512"]

1. d4 d5 2. Nf3 Nc6 3. c4 e6 4. a3 h6 5. Nc3 Nf6 6. Bf4 { This move orginally
made me uh oh nice bishop position in my opinion } 6... b6 7. e3 Be7 8. Bd3 O-O
9. O-O Bb7 10. Rc1 dxc4 11. Bxc4 Bd6 12. Bxd6 cxd6 13. d5 exd5 14. Nxd5 { I
feel a bishop take would be better as now I can threaten with my B7 bishop }
14... Ne5 15. Nxf6+ Qxf6 16. Nxe5 dxe5 17. Qh5 Rac8 18. Rfd1 Rfd8 19. Rxd8+
Rxd8 20. Rd1 Rxd1+ 21. Qxd1 Qc6 { This move excited me as all I could see that
saves the bishop is Bf1 } 22. Qd8+ Kh7 23. Qd3+ Qg6 { However, there was this }
24. f3 { I was alerted that his plan was Bxf3 thinking I had just got a pawn. I
didnt consider it as I was wanting a draw } 24... Qxd3 25. Bxd3+ { However here
a draw was agreed upon. } 1/2-1/2

[Event "Club Championships Major Open"]
[Site "Wellington Chess Club"]
[Date "2019.10.03"]
[Round "2"]
[White "Ross, Matt"]
[Black "He, Caleb"]
[Result "1-0"]
[WhiteElo "1867"]
[BlackElo "1922"]

1. b3 Nf6 2. Nf3 g6 3. Bb2 Bg7 4. e3 d5 5. Be2 O-O 6. d3 c5 7. Nbd2 Nc6 8. c4
dxc4 9. Nxc4 b6 10. Qc2 Nb4 11. Qc3 Bb7 12. a3 Ne8 13. d4 Nc6 14. Rd1 Nc7 15.
Qc1 cxd4 16. Nxd4 Nxd4 17. Bxd4 Qc8 18. O-O Ne6 19. Bxg7 Kxg7 20. Rd2 Qc7 21.
Rfd1 Rfd8 22. Rc2 Rac8 23. a4 Be4 24. Qb2+ Kg8 25. Rc3 Rxd1+ 26. Bxd1 a6 27. f3
Bb7 28. Rc2 b5 29. Ne5 Qd6 30. Rd2 Qc5 31. Ng4 h5 32. Nh6+ Kh7 33. Nxf7 Qxe3+
34. Kf1 Nf4 35. Rd7 Nd3 36. Qe2 Qxe2+ 37. Kxe2 Nf4+ 38. Ke3 Nd5+ 39. Kd4 Ba8
40. axb5 axb5 41. Be2 Bc6 42. Rxd5 Bxd5 43. Kxd5 Kg7 44. Ne5 Rc3 45. b4 Kf6 46.
Bxb5 Rc2 47. Bf1 Rc1 48. Bc4 e6+ 49. Kd6 Rd1+ 50. Nd3 e5 51. b5 g5 52. b6 g4
53. b7 1-0

[Event "Club Championships Major Open"]
[Site "Wellington Chess Club"]
[Date "2019.10.03"]
[Round "2.1"]
[White "Mullan, Brett"]
[Black "Wevers, Alexis"]
[Result "1-0"]
[WhiteElo "1825"]
[BlackElo "1798"]

1. e4 c5 2. Nf3 d6 3. Nc3 Nf6 4. d4 cxd4 5. Nxd4 a6 6. Bd3 Nc6 7. Nf3 g6 8. a3
Bg7 9. h3 O-O 10. O-O b5 11. Nd5 Bb7 12. Nxf6+ Bxf6 13. c3 Na5 14. Bg5 Bg7 15.
Qe2 Qc7 16. Nd2 Rfe8 17. Be3 d5 18. f3 Nc4 19. Nxc4 dxe4 20. fxe4 bxc4 21. Bc2
Rab8 22. Qf2 e5 23. Rad1 Bc6 24. Bb1 Re6 25. Qe2 Qb7 26. Bc1 Bf8 27. Ba2 Ba4
28. Rde1 Bb3 29. Bb1 Qc6 30. Kh1 Be7 31. Qf2 Rf6 32. Qa7 Rb7 33. Rxf6 Bxf6 34.
Qf2 Rd7 35. Rf1 a5 36. Bc2 Bd8 37. Bxb3 cxb3 38. Qe2 Rc7 39. Rd1 Be7 40. Rd5
Bxa3 41. Rxa5 Bc5 42. Bh6 Ra7 43. Rxa7 Bxa7 44. Qd3 Bb6 45. Qa6 f6 46. Be3 Qxe4
47. Qxb6 Qb1+ 48. Kh2 Kf7 49. Qxb3+ Ke7 50. Bc5+ Kd7 51. Qd5+ Kc7 52. Ba3 e4
53. Qf7+ Kc8 54. Bd6 Kd8 55. Qe7+ Kc8 56. Qc7# 1-0

[Event "Club Championships Major Open"]
[Site "Wellington Chess Club"]
[Date "2019.10.03"]
[Round "2.2"]
[White "Rabina, Romeo"]
[Black "Asher, Bruce"]
[Result "1-0"]
[WhiteElo "1647"]
[BlackElo "1178"]

1. b3 e5 2. Bb2 Nc6 3. e3 a6 4. Nf3 e4 5. Nd4 Nxd4 6. Bxd4 Nf6 7. Be2 g6 8. d3
d5 9. O-O Bd6 10. Nd2 O-O 11. f3 exd3 12. cxd3 c5 13. Bb2 Re8 14. e4 Be5 15.
Qc2 Qc7 16. Bxe5 Rxe5 17. d4 Rh5 18. f4 Ng4 19. Bxg4 Bxg4 20. Qxc5 Qxc5 21.
dxc5 dxe4 22. Nxe4 Rf5 23. Rac1 Be2 {White went on to win} 1-0